Boiler Feed Water Treatment (Record no. 620)

000 -LEADER
fixed length control field 00376nam a2200145 4500
008 - FIXED-LENGTH DATA ELEMENTS--GENERAL INFORMATION
fixed length control field 191106b ||||| |||| 00| 0 eng d
082 00 - DEWEY DECIMAL CLASSIFICATION NUMBER
Classification number 621.19
Item number M4381
100 ## - MAIN ENTRY--PERSONAL NAME
9 (RLIN) 135
Personal name Matthews, F. J.
245 10 - TITLE STATEMENT
Title Boiler Feed Water Treatment
250 ## - EDITION STATEMENT
Edition statement 3rd ed.
260 ## - PUBLICATION, DISTRIBUTION, ETC. (IMPRINT)
Place of publication, distribution, etc London
Name of publisher, distributor, etc Hutchinson
Date of publication, distribution, etc 1948
300 ## - PHYSICAL DESCRIPTION
Extent 207 p.
650 #0 - SUBJECT ADDED ENTRY--TOPICAL TERM
Topical term or geographic name as entry element Steam Boilers
942 ## - ADDED ENTRY ELEMENTS (KOHA)
Source of classification or shelving scheme
Item type Books
Holdings
Withdrawn status Lost status Source of classification or shelving scheme Damaged status Not for loan Permanent location Current location Date acquired Full call number Barcode Date last seen Copy number Koha item type
          IMU Kolkata IMU Kolkata 1952-10-10 621.19 M4381 00047 2019-11-06 1 Books
          IMU Kolkata IMU Kolkata 1952-10-10 621.19 M4381 00106 2019-11-19 1 Books
Designed and Maintained by IMU-KC Library, Kolkata Campus © Copyright All Rights Reserved

webs counters

Powered by Koha